000 00650nam a2200217 4500
001 109791
003 ES-MaACL
005 20230906184919.0
007 t|
008 061121s1978 sp |||| | spa d
080 _a821.134.2(899)-31"19"
100 1 _aOnetti, Juan Carlos.
_987072
245 1 0 _aPara una tumba sin nombre /
_cJuan Carlos Onetti ; estudio preliminar por Josefina Ludmer.
260 _aBarcelona :
_bEdhasa,
_c1978.
300 _a125 p. ;
_c18 cm.
490 1 _aPocket Edhasa ;
_v17
700 1 _aLudmer, Josefina.
_974614
830 0 _aPocket Edhasa ;
_v17
_9180347
852 _aES-MaACL
_jL-7548
999 _c109791
_d109791